000 00373nam a2200157Ia 4500
008 240729s9999 xx 000 0 und d
022 _a2210-6359
245 0 _aIMA Fungus
260 _aUnited Kingdom
260 _bBMC
650 _a Botany
650 _aScience
856 _uhttps://doaj.org/toc/e4e269fd760b49c1ae21652348ebf56d
942 _2ddc
942 _cDOAJEJ
999 _c74406
_d74406
945 _a1
_bMadushi Gamage
_c1
_dMadushi Gamage